[Event "GER-ch 74th"]
[Site "Saarbruecken"]
[Date "2002.11.23"]
[Round "2"]
[White "Kalinitschew, Sergey"]
[Black "Graf, Alexander"]
[Result "0-1"]
[WhiteElo "2485"]
[BlackElo "2635"]
[Annotator "Finkel,A"]
[PlyCount "74"]
[EventDate "2002.11.22"]
[EventType "swiss"]
[EventRounds "9"]
[EventCountry "GER"]
[SourceTitle "CBM 093"]
[Source "ChessBase"]
[SourceDate "2003.04.01"]
[SourceVersion "1"]
[SourceVersionDate "2003.04.01"]
[SourceQuality "1"]

1. d4 Nf6 2. c4 e6 3. Nf3 b6 4. g3 Ba6 5. Qa4 Be7 6. Bg2 O-O 7. Ne5 c6 8. Nc3
Qe8 {[%csl Gc6][%cal Gd7d5] Defending the pawn on c6 with idea to push d5.} 9.
O-O d5 10. Bf4 (10. Re1 b5 11. cxb5 cxb5 12. Qd1 b4 13. Nb1 Nc6 14. Nxc6 Qxc6
15. Nd2 Qb6 16. e3 Rac8 $15 {Stahlberg,G-Taimanov,M/Zuerich 1953}) (10. cxd5
cxd5 11. Qxe8 (11. Qd1 Nc6 12. Bf4 Rc8 13. Nxc6 Qxc6 14. Rc1 Qd7 $11 {Kagan,
S-Matanovic,A/Tel Aviv 1966}) 11... Rxe8 12. Bf4 (12. Bg5 h6 (12... Nbd7 13.
Nxd7 Nxd7 14. Bxe7 Rxe7 15. a4 Nf6 16. Rfc1 Ne8 $11 {Skembris,S-Nikolaidis,K/
Halkida 2001}) 13. Bf4 Nbd7 14. Rfd1 Rac8 15. Nxd7 Nxd7 16. e4 g5 17. Be3 dxe4
18. Bxe4 Nf6 $11 {Foisor,O-Toshkov,T/Baile Herculane 1978}) (12. Re1 Nbd7 13.
Nxd7 Nxd7 14. e4 dxe4 15. Bxe4 Rac8 16. d5 Nc5 17. dxe6 fxe6 18. Bf4 Bf6 19.
Rac1 b5 $13 {Mastrovasilis,A-Istratescu,A/Athens 2000}) 12... Nbd7 13. Nxd7
Nxd7 14. Rfc1 Rac8 15. a4 Bc4 16. e4 Nf6 17. exd5 Nxd5 18. Nxd5 Bxd5 $11 {
Olafsson,F-Matanovic,A/Hastings 1953}) 10... Bxc4 $5 {Black is ready to suffer
for a pawn, however white opts for a wrong plan and his initiative disappears
just after a couple of moves.} (10... b5 11. cxb5 cxb5 12. Qc2 b4 13. Na4 Bxe2
14. Qxe2 Qxa4 15. Rfc1 Qe8 16. Bf1 a5 17. f3 Ra7 $15 {Shtyrenkov,V-Kaiumov,D/
Alushta 2002}) 11. Nxc4 b5 12. Qa5 $6 {Very strange place for a queen. More
natural is} (12. Qc2 $142 bxc4 13. b3 cxb3 14. axb3 Nbd7 15. e4 $44 {and
white's initiative should be enoufh for equality.}) 12... bxc4 13. b3 cxb3 14.
axb3 Qd8 15. Qxd8 {Without the queens it's much easier for black to overcome
white's pressure.} (15. Bc7 Qc8 16. Na4 $2 Na6 $19 {[%cal Ge7b4]}) (15. Qa2)
15... Rxd8 16. Na4 $6 {Letting black knight to come to b4.} (16. Rfc1 Nbd7 17.
e4 Nb6 (17... Nh5 18. Be3 Rdb8 $140 $6 19. exd5 cxd5 20. Nxd5 exd5 21. Bxd5
Nhf6 22. Bxa8 Rxa8 23. Rc7 a6 24. Rc6 $14) 18. Ra6 Nxe4 19. Nxe4 dxe4 20. Bxe4
Nd5 $15) 16... Na6 $5 {[%cal Ga6b4]} 17. Rfc1 Rdc8 18. Bf1 Nd7 19. Bd2 (19. e4
Nb4 20. f3 f5 21. e5 c5 $5 (21... Kf7 $5) 22. Bb5 Nc6 23. Nxc5 Nxc5 24. dxc5
Nd4 25. Bd7 Rxc5 $17) 19... Kf8 20. e3 {Last chance to pose before black
difficulties was} (20. Rc2 $5 Nb4 $140 21. Bxb4 Bxb4 22. Rac1 {[%csl Rc6]} Nb8
(22... Ba3 23. Ra1 Be7 24. Rac1 Bf6 25. e3 Rab8 26. Rxc6 Rxc6 27. Rxc6 Rxb3 28.
Rc8+ Ke7 29. Rc7 $16 {[%cal Ga4c5]}) 23. Ra1 Ba5 24. b4 Bc7 25. e3 Ke7 $15)
20... Nb4 $17 {Now black is just a pawn up.} 21. Bxb4 Bxb4 22. Rc2 Ke7 23. Ba6
Rc7 24. Nb2 (24. Rac1 Kd6 $17) 24... Rb8 25. Be2 Bd6 26. Rc3 c5 $19 27. Nd3 (
27. dxc5 Be5 28. Rc2 Rxb3 29. Ra2 Bxb2 30. Raxb2 Rxb2 31. Rxb2 Nxc5 $19) 27...
cxd4 28. Rxc7 Bxc7 29. exd4 Bb6 30. Nb4 Rc8 31. Ra4 Rc3 32. Bb5 Nb8 $1 33. Na6
Nxa6 34. Bxa6 Rxb3 35. Kf1 Rb2 36. Bd3 Rd2 37. Bxh7 g6 0-1

[Event "Bangkok op 16th"]
[Site "Bangkok"]
[Date "2016.04.13"]
[Round "5"]
[White "Sunilduth Lyna, Narayanan"]
[Black "Van Wely, Loek"]
[Result "0-1"]
[WhiteElo "2501"]
[BlackElo "2654"]
[Annotator "Fischer,J"]
[PlyCount "70"]
[EventDate "2016.04.10"]
[EventType "swiss"]
[EventRounds "9"]
[EventCountry "THA"]
[SourceTitle "CBM 171 Extra"]
[Source "ChessBase"]
[SourceDate "2016.04.26"]
[SourceVersion "1"]
[SourceVersionDate "2016.04.26"]
[SourceQuality "1"]

1. d4 Nf6 2. c4 e6 3. Nf3 b6 4. g3 Bb4+ 5. Bd2 Be7 6. Nc3 O-O 7. Qc2 d5 8. cxd5
exd5 9. Bg2 c5 10. O-O Nc6 11. Rad1 cxd4 {[#]Leading to an isolated queen pawn
- and active play for Black.} 12. Nb5 Bc5 13. Bf4 Ba6 14. Nbxd4 Nxd4 15. Nxd4
Re8 16. Bf3 Qd7 17. Nb3 Rac8 18. Nxc5 {[#]Not Black no longer has an isolated
queen pawn but hanging pawns - but he keeps active play.} bxc5 19. Bg5 d4 20.
Bxf6 gxf6 21. Qd2 Rcd8 22. b3 Kg7 23. Rfe1 Re5 24. Qf4 Qe7 25. b4 d3 26. bxc5
dxe2 27. Rxd8 Qxd8 {[#]White's passed c-pawn and Black's e-pawn create a
double-edged position in which White is the first to go wrong.} 28. c6 $6 ({
The engines recommend} 28. Qg4+ Kh8 29. Qb4 {with an equal position.}) 28...
Qa5 {[#]This attack on e1 forces White on the defensive.} 29. Qc1 Rc5 30. Qa1
Qd2 31. Kg2 Bb5 {[#]Suddenly White is lost. Black simply attacks the c-pawn
which White cannot defend.} 32. Kg1 Rc3 33. a4 Bxc6 34. Bxe2 Qd5 35. f3 Rxf3 {
[#]} 0-1

[Event "FIDE World Cup"]
[Site "Baku"]
[Date "2015.09.29"]
[Round "6.1"]
[White "Eljanov, Pavel"]
[Black "Karjakin, Sergey"]
[Result "1/2-1/2"]
[WhiteElo "2717"]
[BlackElo "2762"]
[Annotator "Fischer,J"]
[PlyCount "154"]
[EventDate "2015.09.11"]
[EventType "k.o."]
[EventRounds "7"]
[EventCountry "AZE"]
[SourceTitle "CBM 169"]
[Source "ChessBase"]
[SourceDate "2015.11.10"]
[SourceVersion "1"]
[SourceVersionDate "2015.11.10"]
[SourceQuality "1"]

1. d4 Nf6 2. c4 e6 3. Nf3 b6 4. g3 Ba6 5. b3 Bb4+ 6. Bd2 Be7 7. Bg2 c6 8. Bc3
d5 9. Ne5 Nfd7 10. Nxd7 Nxd7 11. Nd2 O-O 12. O-O Rc8 13. Re1 c5 14. cxd5 exd5
15. Rc1 cxd4 16. Bxd4 Nc5 17. Bb2 d4 $6 {Dieser Vorstoß ist verfrüht.
Geduldiger und sicherer war zum Beispiel} (17... Qd7) 18. Nf3 d3 19. exd3 Nxd3
20. Rxc8 Qxc8 21. Rxe7 Nxb2 22. Qd7 $6 ({Mit} 22. Qd2 Nd3 23. Rxa7 {konnte
Weiß einen Bauern gewinnen. Nach} Rd8 {verweist Komodo auf den eleganten
Konter} 24. Nd4 {mit Vorteil für Weiß.}) 22... Qc1+ 23. Re1 Qc8 24. Qxc8 Rxc8
25. Bh3 Rd8 26. Ne5 {Die Stellung scheint ausgeglichen. Aber der Springer b2
ist immer noch außer Spiel und das bereitet Schwarz Sorgen.} g6 27. Bf1 Bxf1
28. Kxf1 a5 29. Re3 f6 30. Ng4 Kf7 31. Rc3 h5 32. Ne3 Nd3 33. Rc7+ Ke6 34. Rb7
Nc1 35. Rxb6+ Kf7 36. Rb7+ Ke6 37. Rb6+ Kf7 38. a4 {Weiß hat es geschafft,
einen Bauern zu gewinnen und sich Gewinnchancen zu verschaffen.} Rd3 39. b4
axb4 40. Rxb4 Ra3 41. Nc4 Ra1 42. Kg2 Nd3 43. Rb7+ Ke6 44. Rb6+ Ke7 45. a5 Ra4
46. Rc6 Ne1+ 47. Kf1 Nf3 48. Rc7+ Ke6 49. Ke2 Nxh2 50. Kd3 Nf3 51. Rc6+ Kf5 52.
Kc3 g5 53. Rc5+ Ke6 54. Kb3 Ra1 55. Kb2 Ra4 56. Kb3 Ra1 57. Kb2 Ra4 58. Nb6
Rb4+ 59. Ka3 Rb1 60. Ka2 Rb4 61. Rc6+ Kf5 62. a6 Ne5 63. Rxf6+ {Hier hatte
Eljanov praktisch seine gesamte Bedenkzeit verbraucht und lebte nur noch von
den 30 Sekunden Inkrement, die er nach jedem Zug bekam.} Kxf6 64. Nd5+ ({Nach} 
64. a7 Rxb6 65. a8=Q {wird Schwarz versuchen, mit Turm und Springer eine
Festung aufzubauen. Und auf den ersten Blick ist nicht zu sehen, wie Weiß die
knacken soll. Eljanov entschied sich deshalb für den Übergang ins
Springerendspiel. Aber auch das scheint nicht zu gewinnen zu sein.}) 64... Ke6
65. Nxb4 Nd7 66. Nd3 Kd6 67. a7 Nb6 68. Kb3 Kc7 69. Kc3 Kb7 70. Kd4 Kxa7 71.
Ke4 Nc4 72. Ne5 Nb2 73. Nf7 h4 74. Nxg5 hxg3 75. fxg3 Kb7 76. g4 Kc8 77. Kf5
Nd1 1/2-1/2

[Event "Bundesliga 0708"]
[Site "Germany"]
[Date "2007.10.21"]
[Round "2.8"]
[White "Boensch, Uwe"]
[Black "Fish, Gennadij"]
[Result "0-1"]
[WhiteElo "2530"]
[BlackElo "2546"]
[Annotator "Fish/Meyer,CD"]
[PlyCount "64"]
[EventDate "2007.10.20"]
[EventType "team-tourn"]
[EventRounds "15"]
[EventCountry "GER"]
[SourceTitle "CBM 123"]
[Source "ChessBase"]
[SourceDate "2008.04.02"]
[SourceVersion "1"]
[SourceVersionDate "2008.04.02"]
[SourceQuality "1"]
[WhiteTeam "Tegernsee"]
[BlackTeam "Werder Bremen"]
[WhiteTeamCountry "GER"]
[BlackTeamCountry "GER"]

1. d4 Nf6 2. c4 e6 3. Nf3 b6 4. g3 Ba6 {Eine der solidesten Varianten der
Damenindischen Verteidigung, die auf Nimzowitsch zurückgeführt wird und in
neuerer Zeit besonders von Exweltmeister Karpov oft praktiziert wurde.} 5. Nbd2
Bb7 {Das doppelte Ziehen des Läufers läßt sich mit der passiveren Aufstellung
des weißen Damenspringers auf d2 statt c3 rechtfertigen.} 6. Bg2 c5 7. e4 {
Anders kann Weiß nicht auf einen Eröffnungsvorteil hoffen.} cxd4 ({Der
Königsbauer ist stark vergiftet. Nach} 7... Nxe4 $2 8. Ne5 $1 d5 {hat Weiß
zwei verheißungsvolle Fortsetzungen:} (8... Nd6 9. Bxb7 Nxb7 10. Qf3 Qc7 11.
Qxf7+ Kd8 12. Qh5 Kc8 13. Ng6 hxg6 14. Qxh8 $18) (8... Nc3 9. Qh5 g6 10. Qh3 $1
$18) 9. cxd5 $1 (9. Qa4+ $1 Nd7 (9... Ke7 10. cxd5 exd5 11. Nxe4 dxe4 12. dxc5
bxc5 (12... Qe8 13. Qd4) (12... Qd5 13. Bf4) 13. Bxe4 $18) 10. cxd5 Nd6 (10...
Nxd2 11. dxe6 {ist Zugumstellung zu 9.cxd5/11.dxe6}) (10... exd5 11. Nxe4 (11.
Bh3 $143 Nef6 12. O-O) 11... dxe4 12. Bh3 b5 13. Qxb5 Bc8 14. Qc6 Rb8 15. Nxf7
$18 Kxf7 16. Qe6#) 11. dxe6 fxe6 12. Bxb7 Nxb7 13. O-O $32 {->+/-/+-}) 9...
Nxd2 10. Qa4+ Nd7 11. dxe6 Bxg2 (11... b5 12. exd7+ Ke7 13. Bxb7 bxa4 14. Nc6+
Kxd7 15. Nxd8 Rxd8 16. Bxd2 $18) 12. exd7+ Ke7 13. Bxd2 Bxh1 (13... f6 14.
O-O-O Bxh1 15. Re1 $18) (13... b5 14. Qb3 $1 c4 15. Qxb5 Bxh1 16. Qxc4 $18) 14.
O-O-O f6 15. Qb3 $18) 8. e5 ({Gehaltvoller ist} 8. O-O d6 (8... Nc6 $2 9. e5) (
8... Nxe4 $2 9. Ne5) 9. Nxd4) 8... Ne4 9. Nxe4 ({Auch nach} 9. O-O Nxd2 10.
Bxd2 {kann das Spiel schnell verflachen, z.B.} Bxf3 11. Qxf3 Nc6 12. Qxc6 dxc6
13. Bxc6+ Qd7 14. Bxd7+ Kxd7 15. Rfd1 Kc6 $11 {, ECO (E2)}) 9... Bxe4 10. Qxd4
Bxf3 11. Bxf3 Nc6 12. Qe4 $6 $146 ({Gekünstelt, klaren Ausgleich ergibt} 12.
Bxc6 {und z.B.} dxc6 13. Qe4 (13. Qxd8+ Rxd8 14. Be3 Be7 {1/2-1/2 Neidhardt,C 
(2305)-Wells,P (2410)/Toulouse 1990/EXT 1997}) 13... Qc7 14. Be3 Be7 15. O-O-O
O-O 16. h4 Rad8 17. Bg5 h6 18. Bxe7 Qxe7 19. Rxd8 Rxd8 20. Rd1 {1/2-1/2
Gschnitzer,O (2465)-Dao Thien Hai (2480)/Hungary 1996/EXT 2000}) 12... Bb4+ 13.
Kf1 O-O 14. Kg2 f6 $1 15. exf6 (15. a3 Bc5 16. b4 (16. exf6 Qxf6 17. Rf1 Nd4
18. Bd1 Rad8 $15) 16... Bd4 17. Ra2 (17. Rb1 fxe5 (17... Bxe5 $2 18. b5 d5 19.
cxd5 Nd4 20. dxe6 Nxf3 21. Qxf3) 18. b5 Rxf3 $5 (18... Na5 $5 19. Qxa8 Qxa8 20.
Bxa8 Rxa8 21. Rb4 Rc8 22. Ra4 Rc7 $15) 19. Qxf3 Na5 {/\Rc8, Nxc4} 20. Bg5 Qf8)
17... fxe5 18. b5 Na5 19. Qxa8 Qxa8 20. Bxa8 Rxa8 {/\Nxc4=/+}) 15... Qxf6 16.
Rf1 Rac8 17. Bf4 (17. Be2 $5 Nd4 18. Bd3 Nf5 19. Kh1 g6 20. Rb1 $13) 17... Nd4
(17... g5 18. Be3 (18. Bc1 $2 Nd4) 18... Qxb2 19. Bxg5 Qg7 20. Be3 Bc5 21. Rad1
Bxe3 22. fxe3 Ne5 23. Be2 Rxf1 24. Rxf1 d6 $15) 18. Bg4 (18. Rad1 $142 Nxf3 19.
Qxf3 Rcd8 20. a3 Be7 21. Qe2 $11) 18... Rxc4 19. Be5 d5 20. Bxf6 dxe4 21. Be5
$2 ({I Hier hat Uwe Bönsch entweder der "Teufel geritten" oder der kritische
Matchstand beeinflußt. Jedenfalls mußte Weiß hier die "Remisbremse" mit} 21.
Bxd4 Rxd4 22. Bxe6+ Kh8 23. Rad1 $11 {ziehen.}) ({II Ebenfalls abzuraten ist
von} 21. b3 $2 {wegen} gxf6 $1 (21... Bc3 $6 22. Be5) 22. bxc4 f5 $17 {Der
weiße Läufer ist keine Zierde seiner Gattung. Nach dem leichtsinnigen
Partiezug indes kann nur Schwarz mit seinem "halben" Mehrbauern Gewinnversuche
unternehmen.}) 21... Nf5 22. Rac1 Rxc1 $5 ({Fish verwarf} 22... Rfc8 {wegen}
23. Bf4 {, wonach - früher oder später - alle Türme getauscht werden und Weiß
sich aufgrund seines Läuferpaares relativ leichter verteidigen kann. Nach der
Partiefortsetzung indes behält Schwarz einen Turm, verfügt über mehr taktische
Möglichkeiten und gestaltet so das Spiel komplizierter.} (23. Rxc4 $6 Rxc4 24.
a3 (24. Bd1 Kf7 25. Bb3 Rc5 26. Bf4 Nd4 $17) 24... Bd2 25. Rd1 Rc2 26. Kf1 Kf7
27. Be2 Ne7 28. Bb5 Rc5 29. Ba4 e3 30. fxe3 Rxe5 31. Rxd2 Nd5 $17) {Weiter
könnte folgen (nach 23.Bf4):} 23... Rc2 24. a3 Be7 25. Rfe1 Kf7 26. b4 R2c4 27.
Be2 Rc3 (27... Rxc1 28. Rxc1 Rxc1 29. Bxc1 a5 30. bxa5 bxa5 31. Ba6 Kf6 $15)
28. Ba6 Rxc1 29. Rxc1 Rxc1 30. Bxc1 $15) 23. Rxc1 Bc5 24. Rd1 $2 ({Viel zu
riskant, Alternativen: I} 24. Re1 $2 Bxf2 $5 25. Rxe4 Ne3+ 26. Kh3 Nxg4 27.
Kxg4 Bc5 $17) ({II} 24. Rc4 $5 Bxf2 (24... e3 25. Bxf5 (25. f4 $2 e2) 25...
exf5 (25... Rxf5 $2 26. f4 g5 27. Re4 $15 {/=}) 26. fxe3 Re8 27. Bd4 Bxd4 28.
exd4 Re2+ 29. Kf3 Rxb2 30. Kf4 $1 Rxh2 31. Kxf5 Rxa2 32. Rc7 a5 33. d5 $132 {
(=)}) 25. Bxf5 (25. Rxe4 $6 Ne3+ 26. Kh3 Nxg4 27. Kxg4 Bc5) 25... Rxf5 26. Rc8+
Kf7 27. Rc7+ Ke8 28. g4 $1 Rxe5 29. Kxf2 Ra5 30. Rxg7 Rxa2 31. Rxh7 Rxb2+ 32.
Ke3 $132 {(=)}) ({III} 24. Bf4 $5 {, um nicht gleich den Bauern f2 abzugeben,
wäre laut Fish auf jeden Fall solider als die Partiefortsetzung gewesen, z.B.}
Rd8 25. Re1 Rd4 26. Re2 $15) 24... Bxf2 25. Rd7 ({Die Beseitigung des Springers
} 25. Bxf5 {verschafft keine Linderung:} Rxf5 26. Rd8+ Kf7 27. Rd7+ Ke8 28.
Rxa7 Bc5 29. Bc3 (29. Bxg7 e5 $19) 29... e3 30. Rxg7 h5 ({oder auch} 30... Rf2+
31. Kh3 Rc2 32. Rg4 Kd7 33. Re4 Kd6 34. Kg4 b5 35. a3 (35. b4 Bb6 $19) 35...
Rxh2 $19) 31. Rg6 Rf2+ 32. Kh3 Kd7 33. Rg7+ (33. Rg5 Rc2 34. Re5 Kd6 35. Re4
Rxc3 36. bxc3 Kd5 $19) 33... Kc6 34. Rg6 Kd5 35. Rg5+ Rf5 $19) 25... Bc5 26.
Rxa7 h5 $1 27. Bxh5 $2 ({Ein krasser Fehler in sehr schwieriger Lage,
Alternativen: I} 27. Be2 $2 Ne3+ 28. Kh3 Rf2 29. Rxg7+ Kf8 30. Bb5 (30. Bxh5
Rf5 $19) 30... Ng4 31. Rxg4 hxg4+ 32. Kxg4 Rxh2 $19) ({II Die kritische
Variante lautet} 27. Bxf5 Rxf5 28. Rxg7+ {und nun z.B.:} (28. b4 $2 Rxe5 $1 29.
bxc5 Rxc5 30. Re7 e5 31. Kf2 Ra5 $1 32. Ke3 Rxa2 33. Rxe5 Rxh2 34. Rxe4 Rb2 $19
) (28. Bc3 $2 e3 (28... e5) 29. Ra4 (29. Rxg7+ {siehe 28.Rxg7+}) 29... Rf2+ 30.
Kh3 Kf7 $19) 28... Kf8 29. Bc3 e3 30. Ra7 $8 {(/\Ra4-e4)} e5 $1 (30... Rf2+ $2
31. Kh3 Rc2 32. Ra4 Ke7 33. g4 $1 $132) 31. Ra4 Kf7 $1 $17 {(/\Ke6-d5) Dieses
interessante, komplexe Endspiel dürfte Weiß - besonders in der praktischen
Partie - kaum halten können:} 32. g4 (32. Re4 $2 Ke6 33. b4 Kd5 34. Rxe5+ Rxe5
35. Bxe5 Bxb4 $19) (32. Rh4 $2 Ke6 33. b4 Be7 34. Re4 Bg5 35. h4 Bh6 36. g4
Rf2+ 37. Kg1 Bf4 $19) 32... hxg4 $1 ({Daß auch Schwarz leicht straucheln kann,
zeigt beispielsweise die Alternative} 32... Rf2+ $2 33. Kg3 h4+ 34. Kh3 (34.
Kxh4 $2 Rf4 35. b3 e2 36. Rxf4+ exf4 37. Be1 Ke6 38. g5 (38. Kh3 Ke5) 38... Kf5
39. g6 Bd4 40. a4 Ke4 $19) 34... Rc2 35. Re4 e2 36. Be1 (36. Rxe5 Bd6 37. Rf5+
Ke6 38. Be1 Rc1 39. Bxh4 Rh1 $1 40. Kg2 Rxh2+ 41. Kf3 Rxh4 42. Kxe2 Rxg4 43.
Rf2 $5 (43. Rb5 Rb4 $1 44. Rxb4 Bxb4 $19 {Nalimov Endgame TB}) 43... Rd4 $17 {
/-+. Mit der Strategie, den weißen König von seinen Bauern abgeschnitten zu
halten und Turmtausch anzustreben, sollte dieses Endspiel für Schwarz gewonnen
sein.}) 36... Ke6 37. g5 (37. Bc3 $2 Bf2 38. Rxe5+ Kd6 39. Re8 Rxc3+ 40. bxc3
e1=Q 41. Rxe1 Bxe1 $19) 37... Kf5 38. g6 Kxg6 39. Rxe5 Kf6 40. Re8 Rxb2 41.
Bxh4+ Kf7 42. Re5 Bd6 43. Re4 b5 44. a3 Bxh2 45. Kg4 Bd6 46. Kf3 Bxa3 47. Rxe2
$15) 33. Rxg4 Ke6 34. b4 (34. h4 Kd5 35. Rg5 Rf2+ {nebst ...Bd4-+}) 34... Rf2+
35. Kg1 (35. Kg3 Bd6 36. Re4 Rc2 37. Rxe3 (37. Be1 Re2 38. Bc3 Kf5 $19) 37...
e4+ 38. Kg4 Rg2+ 39. Kh3 Rxh2+ 40. Kg4 Rg2+ 41. Kh3 Rxa2 42. Rxe4+ (42. Kg4 Kd5
$19) 42... Kf5 $19 {mit einer tödlichen Doppeldrohung}) (35. Kh3 Bd4 $1 36.
Bxd4 (36. Be1 Rf1 37. Bh4 Kd5 38. Rg2 Kc4 {/\Kd3-+}) 36... exd4 37. Rxd4 Ke5
38. Rd8 (38. Rd1 e2 39. Re1 Kf4 $19) 38... e2 39. Kg3 (39. Re8+ Kf4 $19 40.
Rf8+ Ke3 41. Re8+ Kd2 42. Rd8+ Ke1 {/\Kf1, e1Q}) 39... Rf8 $8 $19) 35... Rc2
36. bxc5 Rxc3 37. Kf1 bxc5 $17 {/-+ (38.a4 Kf5!?)}) 27... Ne3+ 28. Kh3 Rf5 $19
29. Rxg7+ Kf8 30. Bg6 Rxe5 31. Rf7+ Kg8 32. Rf4 Nf5 0-1

[Event "St Petersburg-ch"]
[Site "St Petersburg"]
[Date "2003.04.21"]
[Round "6"]
[White "Yevseev, Denis"]
[Black "Ionov, Sergey"]
[Result "1/2-1/2"]
[WhiteElo "2580"]
[BlackElo "2541"]
[Annotator "Ftacnik,L"]
[PlyCount "70"]
[EventDate "2003.04.16"]
[EventType "tourn"]
[EventRounds "13"]
[EventCountry "RUS"]
[EventCategory "11"]
[SourceTitle "CBM 095"]
[Source "ChessBase"]
[SourceDate "2003.07.25"]
[SourceVersion "1"]
[SourceVersionDate "2003.07.25"]
[SourceQuality "1"]

1. d4 Nf6 2. c4 e6 3. g3 Bb4+ 4. Bd2 Be7 5. Bg2 d5 6. Nf3 O-O 7. O-O c6 8. Qc2
b6 9. Rd1 Ba6 10. b3 Nbd7 11. Bf4 Rc8 12. Nc3 h6 13. e4 dxc4 14. Nd2 b5 15.
bxc4 bxc4 16. Qa4 $6 Bb5 $1 17. Nxb5 Nb6 18. Qxa7 cxb5 19. Nf1 {[%mdl 4] White
has terrible score in this variation, black pieces are too active and his "c"
pawn outright dangerous.} c3 (19... Na4 $5 20. d5 (20. Be5 Nc3 21. Re1 Ra8 22.
Qb7 Qd7 23. Qxd7 Nxd7 $17) (20. Qb7 Nc3 21. Rd2 g5 $1 22. Be5 (22. Be3 Rc7 23.
Qa6 Nfxe4 $17) 22... Qd7 23. Qxd7 Nxd7 24. Rc1 b4 $17) 20... Bc5 21. Qa6 Nc3
22. Re1 exd5 23. exd5 Nfxd5 $17) 20. Rac1 b4 21. d5 exd5 (21... Bc5 22. dxe6
Qe8 23. Bd6 Bxd6 24. Rxd6 Nc4 25. e7 Nxd6 26. e5 Nb5 27. exf8=Q+ Kxf8 $15) 22.
e5 Ne8 $6 {Black loses a great part of his advantage by locating the knight to
the very passive square, much better was 22...Nfd7!} (22... Nfd7 $1 23. Bxd5 (
23. Ne3 g5 24. Nxd5 Nxd5 25. Rxd5 Rc7 26. Qd4 Bc5 27. Qd3 gxf4 28. e6 Ne5 29.
Qf5 Bd6 30. Be4 f6 31. Rcd1 Nc4 $17) 23... Rc7 24. Qa6 Nxd5 25. Rxd5 Qa8 26.
Qxa8 Rxa8 27. Rc2 Nb6 $17) 23. Be3 Bc5 (23... Nc4 24. Bxd5 Qc7 25. e6 Qxa7 26.
exf7+ Kh8 27. Bxa7 Ned6 28. Ne3 Nb2 29. Rd4 Nxf7 $17) 24. Bxd5 Bxe3 (24... Nxd5
$2 25. Bxc5 Nec7 26. Bxf8 Qxf8 27. Qd4 $14) 25. Nxe3 Qc7 (25... Nxd5 $2 26.
Nxd5 Nc7 27. Nb6 $18) 26. Qa6 Qc5 (26... Nxd5 $2 27. Nxd5 Qc5 28. Qxc8 Qxc8 29.
Ne7+ $18) 27. Bb3 Nc7 28. Qb7 Rcd8 (28... Ne6 29. Nc2 Rfd8 30. Qe4 Ng5 31. Qxb4
Rxd1+ 32. Rxd1 Nf3+ 33. Kg2 Qxb4 34. Nxb4 Nxe5 35. Rc1 $11) 29. Qe4 Ne6 (29...
Rfe8 30. Rxd8 Rxd8 31. Bc2 Kf8 32. Rb1 $11) 30. Ng4 {Yevseev correctly looks
for the counterplay on the kingside, black has to be a bit careful.} (30. Nc2
$11) 30... Rd4 31. Rxd4 Qxd4 32. Qf5 (32. Qxd4 $2 Nxd4 33. Kf1 Nxb3 34. axb3
Nd7 $19) 32... Nc4 33. Rd1 Nd2 (33... Qc5 $2 34. Bc2 $1 g6 (34... Rc8 35. Qh7+
Kf8 36. Rd7 $18) 35. Qf6 $18) 34. Bxe6 fxe6 35. Nxh6+ $1 (35. Qxe6+ Kh7 36. Kg2
Qe4+ 37. Kh3 Nf3 $19) 35... gxh6 (35... gxh6 36. Qg6+ Kh8 37. Qxh6+ Kg8 38.
Qg6+ $11) 1/2-1/2